|
|
|
|
| LEADER |
01226nam a2200313 a 4500 |
| 001 |
4473830 |
| 008 |
130121s1997 ctua b 001 0 eng d |
| 010 |
|
|
|a 96053993
|
| 020 |
|
|
|a 0897894901 (alk. paper)
|
| 020 |
|
|
|a 0897895169 (pbk. : alk. paper)
|
| 040 |
|
|
|a DLC
|c DLC
|d DLC
|d BD-DhAAL.
|
| 082 |
0 |
0 |
|a 306.4/61
|2 21
|
| 245 |
0 |
4 |
|a The anthropology of medicine :
|b from culture to method /
|c edited by Lola Romanucci-Ross, Daniel E. Moerman, Laurence R. Tancredi.
|
| 250 |
|
|
|a 3rd ed.
|
| 260 |
|
|
|a Westport, Conn. :
|b Bergin & Garvey,
|c 1997.
|
| 300 |
|
|
|a xiv, 400 p. :
|b ill. ;
|c 25 cm.
|
| 504 |
|
|
|a Includes bibliographical references and index.
|
| 541 |
|
|
|e 00026516
|
| 650 |
|
0 |
|a Medical anthropology.
|
| 650 |
|
0 |
|a Traditional medicine.
|
| 650 |
|
0 |
|a Materia medica, Vegetable.
|
| 650 |
|
0 |
|a Mental illness
|x Social aspects.
|
| 650 |
|
0 |
|a Psychiatry, Transcultural.
|
| 700 |
1 |
|
|a Romanucci-Ross, Lola.
|
| 700 |
1 |
|
|a Moerman, Daniel E.
|
| 700 |
1 |
|
|a Tancredi, Laurence R.
|
| 852 |
1 |
|
|a Ayesha Abed Library
|j General shelf.
|
| 999 |
|
|
|c 13142
|d 13142
|
| 952 |
|
|
|0 0
|1 0
|2 ddc
|4 0
|6 306_461000000000000_ANT
|7 0
|9 21862
|a JPGSPH
|b JPGSPH
|d 2013-01-21
|e TRIM EDUCATION
|g 6895.00
|l 0
|o 306.461 ANT
|p 3060026516
|r 2013-01-21
|t 1
|w 2013-01-21
|y BK
|